| Tag |
First Indicator |
Second Indicator |
Subfields |
| LEADER |
00000cam a2200000 a 4500 |
| 001 |
in00000023964 |
| 005 |
20151007055607.0 |
| 008 |
880827d1981 sp b 00010 spa d |
| 020 |
|
|
|a 8437601363
|
| 035 |
|
|
|a (OCoLC)18418775
|
| 035 |
|
|
|9 AAB8664AM
|
| 040 |
|
|
|a TXA
|c TXA
|d UtOrBLW
|
| 049 |
|
|
|a TXAM
|c [A11493483]
|
| 050 |
|
4 |
|a N6415.B3
|b T3218 1981
|
| 100 |
1 |
|
|a Tapié, Victor Lucien,
|d 1900-1974.
|
| 240 |
1 |
0 |
|a Baroque et classicisme.
|l Spanish
|
| 245 |
1 |
0 |
|a Barroco y clasicismo /
|c Victor L. Tapié ; traducción de Susana Jakfalvi.
|
| 264 |
|
1 |
|a Madrid :
|b Ediciones Cátedra,
|c 1981.
|
| 300 |
|
|
|a 396 pages :
|b illustrations ;
|c 21 cm.
|
| 336 |
|
|
|a text
|b txt
|2 rdacontent
|
| 337 |
|
|
|a unmediated
|b n
|2 rdamedia
|
| 338 |
|
|
|a volume
|b nc
|2 rdacarrier
|
| 500 |
|
|
|a Translation of: Baroque et classicisme.
|
| 504 |
|
|
|a Bibliography: pages 385-396.
|
| 650 |
|
0 |
|a Art, Baroque.
|
| 650 |
|
0 |
|a Classicism in art.
|
| 999 |
|
|
|a MARS
|
| 999 |
f |
f |
|s dabb7595-f89b-3d1f-afd3-eea9ea27cc06
|i c7dc2141-f8fb-3c4c-a812-9b73581110b9
|t 0
|
| 952 |
f |
f |
|p ric
|a Texas A&M University
|b Rellis Campus
|c Joint Library Facility
|d Remote Storage
|t 0
|e N6415.B3 T3218 1981
|h Library of Congress classification
|i unmediated -- volume
|m A14811493483
|
| 998 |
f |
f |
|a N6415.B3 T3218 1981
|t 0
|l Remote Storage
|